000 01012cam a22003134a 4500
001 muse95603
003 MdBmJHUP
005 20210127151851.0
006 m o d
007 cr||||||||nn|n
008 210101s2020 xx o 00 0 und d
020 _a9781953035257
040 _aMdBmJHUP
_cMdBmJHUP
100 1 _aMetro, Rosalie.
245 1 0 _aTrickbox of Memory
_bEssays on Power and Disorderly Pasts
300 _a1 online resource.
_a1 online resource.
500 _aBook.
506 0 _aOpen Access
_fUnrestricted online access
_2star
588 _aDescription based on print version record.
655 0 _aElectronic books.
655 7 _aElectronic books.
_2local
700 1 _aMacgilchrist, Felicitas.
710 2 _aProject Muse.
_edistributor
830 0 _aBook collections on Project MUSE.
856 4 0 _zFull text available:
_uhttps://muse.jhu.edu/book/81037/
999 _c27316
_d27316